000 00629nam a2200181Ia 4500
008 151018s9999 xx 000 0 und d
082 _bRBASDV4569
_a891.463
100 _aचंद्रकांत काकोडकर
245 _aगजाभाऊ
250 _b1
260 _bमहाराष्ट्र ग्रंथ भांडार कोल्हापूर
_c1959
300 _a163
600 _aचंद्रकांत काकोडकर
630 _aगजाभाऊ
700 _aचंद्रकांत काकोडकर
730 _aगजाभाऊ
942 _cBOOK
999 _c1006967
_d1006964